| 000 | 01263cem a22002295a 4500 | ||
|---|---|---|---|
| 001 | L140319 | ||
| 008 | 070918s1961 xxk e 0 f eng u | ||
| 035 | _a(Sirsi) u140319 | ||
| 041 | 4 | _aeng | |
| 110 | 2 | _aMaritiem Museum Prins Hendrik | |
| 245 | 0 | 0 |
_aGerard Mercator's map of the world 1569 _bin the form of an atlas in the Maritiem Museum 'Prins Hendrik' at Rotterdam _h[cartographic material] |
| 255 | _aScale not given | ||
| 260 |
_aRotterdam _bMaritiem Museum 'Prins Hendrik' _aThe Hague _bImago Mundi _c1961 |
||
| 300 |
_a1 map on 14 sheets _bin folder _c53 x 69 cm. + _e1 v. (69 p. ; 29cm.) |
||
| 500 | _aItem consists of a reproduction of Gerard Mercator's Map of the World (1569) and an accompanying booklet. | ||
| 500 | _aFrom title page of accompanying booklet: 'Reproduced on the scale of the original and issues by the Maritiem Museum "Prins Hendrik" and the editors of Imago Mundi with an introduction by B. Van 'T Hoff'. | ||
| 500 | _aFrom title page of accompanying booklet: 'Publicaties van het Maritiem Museum "Prins Hendrik" no. 6. Supplement no. 2 to "Imago Mundi"'. | ||
| 651 | 4 | _aInternational | |
| 690 | _aENVIRONMENTAL AND LAND CONSULTANCY-GEOMATICS-MAPPING AND POSITIONING-CARTOGRAPHY | ||
| 700 | 1 | _aMercator, Gerard | |
| 942 | _n0 | ||
| 999 |
_c116832 _d116832 |
||